000
00312nam a2200133Ia 4500
008
150301s2010 xx 000 0 und d
082
_a
641.5
_b
CHA
100
_a
CHAKRAVARTI, B.K
245
_a
MODERN PROFESSIONAL COOKERY
250
_a
1ST
260
_b
AMAN PUB. DELHI
_c
2010
300
_a
342
942
_2
ddc
_c
BK
999
_c
7000
_d
7000